[Event "Bad Harzburg Seniors op 13th"]
[Site "Bad Harzburg"]
[Date "2012.11.01"]
[Round "4"]
[White "Reznikov, Emmanouil"]
[Black "Mueller Clostermann, Bruno"]
[Result "0-1"]
[WhiteElo "1885"]
[BlackElo "2111"]
[PlyCount "82"]
[EventDate "2012.10.30"]
[EventType "swiss"]
[EventRounds "6"]
[EventCountry "GER"]
[SourceTitle "EXT 2014"]
[Source "ChessBase"]
[SourceDate "2013.11.20"]
[SourceVersion "1"]
[SourceVersionDate "2013.11.20"]
[SourceQuality "1"]

1. e4 Nf6 2. Nc3 d5 3. exd5 Nxd5 4. Nxd5 Qxd5 5. d4 Nc6 6. Nf3 Bg4 7. Be2 0-0-0 8. Be3 e5 9. c4 Qa5+ 10. Bd2 Bb4 11. d5 Bxf3 12. Bxf3 Nd4 13. Be2 Bxd2+ 14. Qxd2 Nc2+ 15. Kd1 Qxd2+ 16. Kxd2 Nxa1 17. Rxa1 c6 18. Rc1 Kb8 19. Bf3 f5 20. g4 e4 21. Bg2 g6 22. gxf5 gxf5 23. Bh3 f4 24. Be6 Rhe8 25. Ke2 Re7 26. Rd1 Kc7 27. Rg1 Kd6 28. Rg4 Ke5 29. b3 Rf8 30. Rg1 Rf6 31. Rg8 cxd5 32. cxd5 Rc7 33. Kd2 Kd4 34. d6 e3+ 35. Kd1 e2+ 36. Kxe2 Rxe6+ 37. Kf3 Rxd6 38. Kxf4 Rf6+ 39. Kg5 Rxf2 40. Rd8+ Ke5 41. Re8+ Kd6 0-1

[Event "Sachsen-Anhalt-ch Seniors 19th"]
[Site "Osterburg"]
[Date "2011.06.07"]
[Round "3"]
[White "Raabe, Joachim"]
[Black "Reznikov, Emmanouil"]
[Result "1/2-1/2"]
[WhiteElo "1873"]
[BlackElo "1923"]
[PlyCount "53"]
[EventDate "2011.06.05"]
[EventType "swiss"]
[EventRounds "7"]
[EventCountry "GER"]
[SourceTitle "EXT 2013"]
[Source "ChessBase"]
[SourceDate "2012.11.22"]
[SourceVersion "1"]
[SourceVersionDate "2012.11.22"]
[SourceQuality "1"]

1. e4 e5 2. Bc4 Nf6 3. Nc3 Be7 4. Nf3 Nc6 5. d3 0-0 6. a3 d6 7. 0-0 Be6 8. Nd5 Bxd5 9. exd5 Nb8 10. Be3 c6 11. dxc6 bxc6 12. Bb3 Nbd7 13. Nh4 g6 14. Bh6 Re8 15. Nf3 Rb8 16. Re1 Bf8 17. Qd2 Nc5 18. Bxf8 Rxf8 19. Qh6 Re8 20. Ng5 Nxb3 21. cxb3 Re7 22. b4 Qf8 23. Qxf8+ Kxf8 24. Rac1 Rc7 25. Re2 h6 26. Nf3 Nd5 27. g3 1/2-1/2

[Event "GER-chT Seniors 18th"]
[Site "Finsterbergen"]
[Date "2009.09.14"]
[Round "3"]
[White "Micheel, Peter"]
[Black "Reznikov, Emmanouil"]
[Result "1/2-1/2"]
[WhiteElo "1961"]
[BlackElo "2104"]
[PlyCount "38"]
[EventDate "2009.09.12"]
[EventType "team-swiss"]
[EventRounds "7"]
[EventCountry "GER"]
[SourceTitle "CBM 132 Extra"]
[Source "ChessBase"]
[SourceDate "2009.11.03"]
[SourceVersion "1"]
[SourceVersionDate "2009.11.03"]
[SourceQuality "1"]

1. e4 e5 2. Nf3 Nc6 3. Bb5 a6 4. Bxc6 dxc6 5. 0-0 Bg4 6. h3 h5 7. d3 Bc5 8. Be3 Bxe3 9. fxe3 Bxf3 10. Qxf3 Qe7 11. Nd2 f6 12. Qf5 Qd7 13. Qg6+ Qf7 14. Qxf7+ Kxf7 15. Nf3 Re8 16. Rf2 c5 17. b3 Ke6 18. Nh4 Ne7 19. Nf5 Nxf5 1/2-1/2

[Event "GER-chT Seniors 18th"]
[Site "Finsterbergen"]
[Date "2009.09.12"]
[Round "1"]
[White "Fischer, Gerd"]
[Black "Reznikov, Emmanouil"]
[Result "1-0"]
[WhiteElo "2122"]
[BlackElo "2104"]
[PlyCount "66"]
[EventDate "2009.09.12"]
[EventType "team-swiss"]
[EventRounds "7"]
[EventCountry "GER"]
[SourceTitle "CBM 132 Extra"]
[Source "ChessBase"]
[SourceDate "2009.11.03"]
[SourceVersion "1"]
[SourceVersionDate "2009.11.03"]
[SourceQuality "1"]

1. e4 e5 2. Nf3 Nc6 3. Bb5 a6 4. Ba4 d6 5. h3 g6 6. d3 Bg7 7. Nc3 f6 8. Bb3 Nh6 9. Be3 Nf7 10. Qd2 Nb4 11. Bd5 Nc6 12. 0-0-0 Ne7 13. Bb3 c5 14. g4 b5 15. Nd5 Bb7 16. Nxe7 Qxe7 17. h4 c4 18. dxc4 Bxe4 19. Rh3 Qb7 20. cxb5 axb5 21. Ne1 0-0 22. Qxd6 f5 23. gxf5 Bxf5 24. Rg3 Ra6 25. Qb4 Rc8 26. Bg5 Bf8 27. Qd2 Rd6 28. Qe2 Rxd1+ 29. Qxd1 Kg7 30. Qe2 Bd6 31. Bd2 b4 32. Nd3 e4 33. Nf4 Qb8 1-0

[Event "GER-chT Seniors 15th"]
[Site "Bad Blankenburg"]
[Date "2006.09.05"]
[Round "3.1"]
[White "Reznikov, Emmanouil"]
[Black "Krueger, Gerhard"]
[Result "1-0"]
[WhiteElo "2123"]
[BlackElo "1832"]
[PlyCount "66"]
[EventDate "2006.09.03"]
[EventType "team-swiss"]
[EventRounds "7"]
[EventCountry "GER"]
[SourceTitle "CBM 114 Extra"]
[Source "ChessBase"]
[SourceDate "2006.11.03"]
[SourceVersion "1"]
[SourceVersionDate "2006.11.03"]
[SourceQuality "1"]

1. e4 c5 2. Nf3 Nc6 3. c3 e6 4. d4 cxd4 5. Nxd4 Nxd4 6. Qxd4 d6 7. Be3 Ne7 8. Na3 Nc6 9. Qd2 d5 10. exd5 exd5 11. Nb5 Be6 12. Be2 Be7 13. 0-0 0-0 14. Rfd1 a6 15. Nd4 Bd6 16. Bf4 Bxf4 17. Qxf4 Qb6 18. b3 Rac8 19. Nf3 Qc7 20. Qe3 Ne7 21. Rac1 Nf5 22. Qd2 Rfd8 23. Nd4 Nd6 24. Bf3 h6 25. Re1 Qd7 26. Re5 Ne8 27. Qe3 Nc7 28. Re1 Re8 29. c4 dxc4 30. Bxb7 Nd5 31. Bxd5 cxb3 32. Bxb3 Kf8 33. Nxe6+ fxe6 1-0

[Event "Sachsen-Anhalt-ch Seniors 14th"]
[Site "Osterburg"]
[Date "2006.06.10"]
[Round "1"]
[White "Gismann, Juergen"]
[Black "Reznikov, Emmanouil"]
[Result "1/2-1/2"]
[WhiteElo "1671"]
[BlackElo "1959"]
[PlyCount "99"]
[EventDate "2006.06.10"]
[EventType "swiss"]
[EventRounds "7"]
[EventCountry "GER"]
[SourceTitle "EXT 2007"]
[Source "ChessBase"]
[SourceDate "2006.11.23"]
[SourceVersion "1"]
[SourceVersionDate "2006.11.23"]
[SourceQuality "1"]

1. e4 d6 2. d4 Nf6 3. Nc3 g6 4. Bc4 Bg7 5. Nge2 c6 6. 0-0 0-0 7. Bb3 b5 8. a3 Nbd7 9. Ng3 Qb6 10. Nce2 Bb7 11. c3 e5 12. Be3 Qc7 13. Rc1 Rfe8 14. f3 a5 15. Qd2 Nb6 16. Rfd1 Rad8 17. Qe1 c5 18. dxc5 dxc5 19. Qf2 Rc8 20. Ba2 Nbd7 21. Nf1 Bf8 22. h3 c4 23. Nd2 Nc5 24. Qf1 Nd3 25. Rc2 Bc5 26. Bxc5 Qxc5+ 27. Kh2 Rcd8 28. Nc1 Nf2 29. Re1 Nh5 30. Qg1 Nf4 31. Nf1 N2d3 32. Nxd3 Qxg1+ 33. Kxg1 Rxd3 34. Rd2 Rxd2 35. Nxd2 Rd8 36. Nf1 Kf8 37. Bb1 Ne6 38. Bc2 Ke7 39. Rd1 Rxd1 40. Bxd1 Nc5 41. Bc2 Bc8 42. Ne3 Be6 43. Kf1 Kd6 44. Ke2 Na6 45. Kd2 h6 46. h4 Kc5 47. Nd1 Nc7 48. Ne3 Ne8 49. Ke2 Nd6 50. Kd2 1/2-1/2

[Event "GER-chT Seniors 14th"]
[Site "Sottrum"]
[Date "2005.09.21"]
[Round "4"]
[White "Koksch, Guenther"]
[Black "Reznikov, Emmanouil"]
[Result "1/2-1/2"]
[WhiteElo "2137"]
[BlackElo "2097"]
[PlyCount "66"]
[EventDate "2005.09.18"]
[EventType "team-swiss"]
[EventRounds "7"]
[EventCountry "GER"]
[SourceTitle "CBM 108 Extra"]
[Source "ChessBase"]
[SourceDate "2005.11.04"]
[SourceVersion "1"]
[SourceVersionDate "2005.11.04"]
[SourceQuality "1"]

1. d4 Nf6 2. Nc3 d5 3. Bg5 Nbd7 4. f3 c6 5. e4 dxe4 6. fxe4 h6 7. Bf4 Qa5 8. e5 Nd5 9. Bd2 e6 10. Ne4 Qb6 11. Bc1 c5 12. c3 cxd4 13. Qxd4 Nc5 14. Nf3 Nxe4 15. Qxe4 Bd7 16. Nd4 Bc5 17. Bd3 Nb4 18. Bb1 Nc6 19. Nf3 Bf2+ 20. Ke2 Bc5 21. Re1 0-0-0 22. Nd2 Ne7 23. Nc4 Qc7 24. Be3 Bc6 25. Qc2 Bb5 26. Qb3 Ba6 27. Bd3 Bxe3 28. Nd6+ Rxd6 29. exd6 Bxd3+ 30. Kxd3 Qxd6+ 31. Kxe3 Qc5+ 32. Kf3 Qf5+ 33. Ke2 Nd5 1/2-1/2

[Event "Sachsen-Anhalt-ch Seniors 13th "]
[Site "Osterburg"]
[Date "2005.06.14"]
[Round "5"]
[White "Packroff, Hermann"]
[Black "Reznikov, Emmanouil"]
[Result "1-0"]
[WhiteElo "2061"]
[BlackElo "1988"]
[PlyCount "67"]
[EventDate "2005.06.10"]
[EventType "swiss"]
[EventRounds "7"]
[EventCountry "GER"]
[SourceTitle "EXT 2007"]
[Source "ChessBase"]
[SourceDate "2006.11.23"]
[SourceVersion "1"]
[SourceVersionDate "2006.11.23"]
[SourceQuality "1"]

1. d4 d5 2. Nf3 e6 3. e3 Nf6 4. Bd3 c5 5. c3 Nc6 6. Nbd2 Bd6 7. 0-0 0-0 8. dxc5 Bxc5 9. e4 Qc7 10. Qe2 Ng4 11. Bc2 b6 12. h3 Nge5 13. Nb3 Nxf3+ 14. Qxf3 Ne5 15. Qg3 Bd6 16. f4 Ng6 17. e5 Be7 18. Be3 f6 19. Bxg6 hxg6 20. Rae1 Kf7 21. Nd4 Rh8 22. f5 gxf5 23. Nxf5 Bc5 24. Kh1 Kf8 25. Nh4 Rh7 26. Bf4 Qf7 27. Nf3 Qh5 28. exf6 gxf6 29. Bd6+ Bxd6 30. Qxd6+ Re7 31. Nd4 Qf7 32. Nc6 Bb7 33. Nxe7 Qxe7 34. Qxe6 1-0

[Event "GER-chT Seniors 13th"]
[Site "Dresden"]
[Date "2004.08.07"]
[Round "7"]
[White "Hein, Manfred"]
[Black "Reznikov, Emmanouil"]
[Result "1-0"]
[WhiteElo "2151"]
[BlackElo "2069"]
[PlyCount "126"]
[EventDate "2004.08.01"]
[EventType "team"]
[EventRounds "7"]
[EventCountry "GER"]
[SourceTitle "CBM 103 Extra"]
[Source "ChessBase"]
[SourceDate "2005.01.01"]
[SourceVersion "1"]
[SourceVersionDate "2005.01.01"]
[SourceQuality "1"]

1. e4 e5 2. Nf3 Nc6 3. Bb5 a6 4. Bxc6 dxc6 5. d4 exd4 6. Qxd4 Qxd4 7. Nxd4 Bd7 8. Nb3 Bd6 9. Be3 Nf6 10. f3 0-0-0 11. N1d2 Rhe8 12. 0-0-0 Be6 13. Kb1 b6 14. Nd4 Bd7 15. Bg5 Be7 16. Nc4 c5 17. Nb3 Be6 18. Ne3 Ng8 19. Bxe7 Nxe7 20. Rxd8+ Rxd8 21. Rd1 Nc6 22. Rxd8+ Kxd8 23. Nc1 f6 24. c3 Kd7 25. Kc2 g5 26. Ne2 Bxa2 27. b3 Na5 28. Nc1 c4 29. b4 Bb3+ 30. Kb2 Nc6 31. Nd5 Kd6 32. Nxf6 h6 33. Nxb3 cxb3 34. Ng4 h5 35. Nf6 Ne5 36. Kxb3 h4 37. h3 c6 38. Nh7 Nf7 39. Nf6 Ke5 40. Nh5 Nd6 41. Kc2 Nc4 42. Kd3 Nb2+ 43. Ke2 a5 44. bxa5 bxa5 45. Kd2 a4 46. Kc1 a3 47. Kb1 Nd1 48. Ka2 Nxc3+ 49. Kxa3 Nd1 50. Kb4 Kd4 51. Kb3 c5 52. g3 Kd3 53. e5 c4+ 54. Kb4 c3 55. e6 Ne3 56. Nf6 c2 57. e7 c1Q 58. e8Q Qb2+ 59. Kc5 Qd4+ 60. Kb5 Qxf6 61. Qe4+ Ke2 62. gxh4 gxh4 63. Kb4 Qe7+ 1-0

[Event "Wch Seniors 12th"]
[Site "Naumburg"]
[Date "2002.10.31"]
[Round "9"]
[White "Reznikov, Emmanouil"]
[Black "Ehlert, Joachim"]
[Result "1-0"]
[WhiteElo "2098"]
[BlackElo "1856"]
[PlyCount "47"]
[EventDate "2002.10.21"]
[EventType "swiss"]
[EventRounds "11"]
[EventCountry "GER"]
[SourceTitle "EXT 2006"]
[Source "ChessBase"]
[SourceDate "2005.11.24"]
[SourceVersion "1"]
[SourceVersionDate "2005.11.24"]
[SourceQuality "1"]

1. e4 c5 2. c3 e6 3. d4 cxd4 4. cxd4 Nf6 5. e5 Nd5 6. Nf3 Bb4+ 7. Bd2 Bxd2+ 8. Nbxd2 d6 9. Bc4 Nb6 10. 0-0 0-0 11. Qe2 Bd7 12. Bd3 Bc6 13. Ne4 dxe5 14. dxe5 Nd5 15. g3 f5 16. exf6 Nxf6 17. Neg5 Bd5 18. Nxe6 Bxe6 19. Qxe6+ Kh8 20. Rad1 Qe8 21. Qh3 Nc6 22. Rfe1 Qc8 23. Bf5 Qb8 24. Bxh7 1-0

[Event "Wch Seniors 12th"]
[Site "Naumburg"]
[Date "2002.10.24"]
[Round "4"]
[White "Ljubarskij, Jurij"]
[Black "Reznikov, Emmanouil"]
[Result "1-0"]
[WhiteElo "2317"]
[BlackElo "2098"]
[PlyCount "53"]
[EventDate "2002.10.21"]
[EventType "swiss"]
[EventRounds "11"]
[EventCountry "GER"]
[SourceTitle "EXT 2006"]
[Source "ChessBase"]
[SourceDate "2005.11.24"]
[SourceVersion "1"]
[SourceVersionDate "2005.11.24"]
[SourceQuality "1"]

1. e4 e5 2. Nf3 Nc6 3. Bb5 a6 4. Ba4 d6 5. c3 Bd7 6. 0-0 g6 7. d4 Bg7 8. Bg5 f6 9. Be3 Nh6 10. h3 Nf7 11. Nh2 0-0 12. f4 Qe7 13. d5 Ncd8 14. Bxd7 Qxd7 15. f5 c6 16. c4 b5 17. b3 cxd5 18. Qxd5 Nc6 19. Ng4 Ne7 20. Qd3 gxf5 21. exf5 d5 22. Bc5 Rfd8 23. Nc3 h5 24. Bxe7 dxc4 25. Qxd7 Rxd7 26. Nxf6+ Bxf6 27. Bxf6 1-0

[Event "Wch Seniors 12th"]
[Site "Naumburg"]
[Date "2002.10.22"]
[Round "2"]
[White "Littlewood, John Eric"]
[Black "Reznikov, Emmanouil"]
[Result "1-0"]
[WhiteElo "2292"]
[BlackElo "2098"]
[PlyCount "69"]
[EventDate "2002.10.21"]
[EventType "swiss"]
[EventRounds "11"]
[EventCountry "GER"]
[SourceTitle "EXT 2006"]
[Source "ChessBase"]
[SourceDate "2005.11.24"]
[SourceVersion "1"]
[SourceVersionDate "2005.11.24"]
[SourceQuality "1"]

1. e4 e5 2. Nf3 Nc6 3. Bb5 a6 4. Ba4 d6 5. c3 Nf6 6. Qe2 b5 7. Bc2 Be7 8. a4 b4 9. a5 bxc3 10. dxc3 0-0 11. Nbd2 Bb7 12. Nf1 d5 13. exd5 Nxd5 14. Ng3 g6 15. 0-0 Bf6 16. Rd1 Re8 17. Ne4 Be7 18. Bb3 Na7 19. c4 c6 20. cxd5 cxd5 21. Nc3 e4 22. Nd4 Bb4 23. f3 Bxa5 24. fxe4 Bxc3 25. bxc3 Rxe4 26. Qf3 Qb6 27. Rb1 Nb5 28. Bc2 Ree8 29. Bf4 f5 30. Be3 Qc5 31. Nxf5 Qxc3 32. Nh6+ Kg7 33. Qf7+ Kh8 34. Bd4+ Nxd4 35. Qf6# 1-0

[Event "Wch Seniors 12th"]
[Site "Naumburg"]
[Date "2002.10.21"]
[Round "1"]
[White "Reznikov, Emmanouil"]
[Black "Thonig, Manfred"]
[Result "1-0"]
[WhiteElo "2098"]
[BlackElo "1597"]
[PlyCount "59"]
[EventDate "2002.10.21"]
[EventType "swiss"]
[EventRounds "11"]
[EventCountry "GER"]
[SourceTitle "EXT 2006"]
[Source "ChessBase"]
[SourceDate "2005.11.24"]
[SourceVersion "1"]
[SourceVersionDate "2005.11.24"]
[SourceQuality "1"]

1. e4 g6 2. d4 Bg7 3. c3 c6 4. Bc4 d5 5. exd5 cxd5 6. Bb3 Nf6 7. Nf3 Bg4 8. h3 Bxf3 9. Qxf3 e6 10. Bf4 Nc6 11. Nd2 a6 12. g4 b5 13. h4 h5 14. g5 Ng8 15. a4 Nge7 16. Bc2 e5 17. dxe5 Bxe5 18. Bxe5 Nxe5 19. Qf6 0-0 20. Qxe5 Nc6 21. Qf4 Re8+ 22. Kf1 d4 23. Ne4 Re7 24. Nf6+ Kh8 25. Be4 Rc8 26. axb5 axb5 27. Bxc6 Rxc6 28. Qxd4 Rd6 29. Qxd6 Qf8 30. Ra7 1-0